000 00686nam a2200229Ia 4500
003 OSt
005 20220928140155.0
006 a|||||r|||| 00| 0
007 ta
008 220927b |||||||| |||| 00| 0 eng d
024 _a7218
037 _cTextual
040 _aSDCL
_cSDCL
_beng
041 _2eng
_aeng
082 _aX:741p3,N71, L1
100 _aJohnson Harry G Ed.
245 0 _aCurrent inflation
_b Proceedings of a conference held at the London School of Economics on 22 February 1971
260 _c1971
700 _a Nobay A R Ed.
_9418625
942 _hX:741p3,N71, L1
_cTEXL
_2CC
999 _c810307
_d810307